| 000 | 00542nam a2200157Ia 4500 | ||
|---|---|---|---|
| 003 | GCL | ||
| 005 | 20240530102430.0 | ||
| 008 | 140319s9999 xx 000 0 ara d | ||
| 040 |
_aGCL / _cGCL |
||
| 082 | 0 | 4 |
_a810.9 _bس ب |
| 100 | 0 | _4سعد اسماعيل شلبى | |
| 245 | 1 | 2 |
_aالبيئة الاندلسية واثرها فى الشعر : عصر ملوك الطوائف / _cسعد اسماعيل شلبى |
| 260 |
_aالقاهرة : _bدار نهضة مصر للطبع والنشر ، _c1978 |
||
| 300 | _a583 ص | ||
| 942 |
_2ddc _cBK |
||
| 999 |
_c32203 _d32203 |
||